<?xml version="1.0" encoding="UTF-8"?>
<collection xmlns:xsi="http://www.w3.org/2001/XMLSchema-instance" xsi:schemaLocation="http://www.loc.gov/MARC21/slim http://www.loc.gov/standards/marcxml/schema/MARC21slim.xsd" xmlns="http://www.loc.gov/MARC21/slim">
 <record>
  <leader>00000cja a22000003a 4500</leader>
  <controlfield tag="001">UP-8027390931313882599</controlfield>
  <controlfield tag="003">Buklod</controlfield>
  <controlfield tag="005">20130402135944.0</controlfield>
  <controlfield tag="006">m    |o  d |      </controlfield>
  <controlfield tag="007">ta</controlfield>
  <controlfield tag="008">130402s1993    xx     d|||||||||||||| | </controlfield>
  <datafield tag="035" ind1=" " ind2=" ">
   <subfield code="a">(iLib)UPVIS-00027692847</subfield>
  </datafield>
  <datafield tag="040" ind1=" " ind2=" ">
   <subfield code="a">ess 4.2.13</subfield>
  </datafield>
  <datafield tag="041" ind1=" " ind2=" ">
   <subfield code="a">eng</subfield>
  </datafield>
  <datafield tag="090" ind1=" " ind2="0">
   <subfield code="a">CD-1108</subfield>
  </datafield>
  <datafield tag="100" ind1="0" ind2=" ">
   <subfield code="a">Bernardi, Mario</subfield>
  </datafield>
  <datafield tag="245" ind1="0" ind2="0">
   <subfield code="a">Musique Francaise [sound recording]</subfield>
   <subfield code="c">Mario Bernardi.</subfield>
  </datafield>
  <datafield tag="264" ind1=" " ind2="1">
   <subfield code="a">Canada</subfield>
   <subfield code="b">Canadian Broadcasting Corporation</subfield>
   <subfield code="c">c1993</subfield>
  </datafield>
  <datafield tag="300" ind1=" " ind2=" ">
   <subfield code="a">1 disc (64:21 min)</subfield>
   <subfield code="b">digital</subfield>
   <subfield code="c">4 3/4in</subfield>
  </datafield>
  <datafield tag="500" ind1=" " ind2=" ">
   <subfield code="a">SMCD 5122</subfield>
  </datafield>
  <datafield tag="505" ind1="0" ind2=" ">
   <subfield code="a">Sinfonietta (1947) (28:13 min): I. Allegro con fuoco; II. Molto vivace; III. Andante cantabile; IV. Finale</subfield>
  </datafield>
  <datafield tag="505" ind1="0" ind2=" ">
   <subfield code="a">La Suite de Palleas et Melisande, Op. 80 (1898) (16:46 min): I. Prelude; II. La Fileuse (Andantino quasi allegretto); III. Sicilienne; IV. La Mort de Melisanda (molto adagio) Orchestrated by Charles Koechlin</subfield>
  </datafield>
  <datafield tag="505" ind1="0" ind2="0">
   <subfield code="a">Petite Suite Orchestrated by Henri Busser from piano duet, 1886-89): I. En Bateau; II. Cortege; III. Menuet; IV. Ballet</subfield>
  </datafield>
  <datafield tag="505" ind1="0" ind2=" ">
   <subfield code="a">Jack in the box. Op. posth. (5:51 min) Orchestrated by Darius Milhaud from piano solo, 1900:  I. Prelude - assez vif; II. Entracte-vif; III. Final - Moere/temps vif</subfield>
  </datafield>
  <datafield tag="508" ind1=" " ind2=" ">
   <subfield code="a">Project Producer: George Laverock; Production &amp; Audio Supervision: Anton Kwiatkowski; Coordinating Producer: James Reid; Digital Editing: Peter Cook; Recorded: The Orpheum, Vancouver; Notes:  Keith Horner; Illustration: Charles van Sandwyk</subfield>
  </datafield>
  <datafield tag="511" ind1="0" ind2=" ">
   <subfield code="a">Orchestrated by: Charles Koechlin, Henri Busser, Darius Mailhaud</subfield>
  </datafield>
  <datafield tag="650" ind1="1" ind2="0">
   <subfield code="a">Orchestra Music.</subfield>
  </datafield>
  <datafield tag="700" ind1="1" ind2=" ">
   <subfield code="a">Poulenc, Francis.</subfield>
  </datafield>
  <datafield tag="700" ind1="0" ind2=" ">
   <subfield code="a">Faure, Gabriel.</subfield>
  </datafield>
  <datafield tag="700" ind1="0" ind2=" ">
   <subfield code="a">Debussy, Claude.</subfield>
  </datafield>
  <datafield tag="700" ind1="0" ind2=" ">
   <subfield code="a">Satie, Erik.</subfield>
  </datafield>
  <datafield tag="710" ind1="0" ind2=" ">
   <subfield code="a">CBC Vancouver Orchestra.</subfield>
  </datafield>
  <datafield tag="852" ind1="0" ind2=" ">
   <subfield code="a">UPVIS</subfield>
   <subfield code="b">UPV-ML</subfield>
   <subfield code="h">CD-1108</subfield>
  </datafield>
  <datafield tag="942" ind1=" " ind2=" ">
   <subfield code="a">Music</subfield>
  </datafield>
 </record>
</collection>
